000
00292nam a22001337a 4500
008
170926b xxu||||| |||| 00| 0 eng d
020
_a
9780618643783
041
_a
eng
080
_2
4TH
_a
37
100
_a
46
101
_a
EDU
245
_a
PRACTICING COLLEGE
_c
HOPPER,C.H
942
_2
udc
_c
BK
999
_c
30053
_d
30053